Städte in Neuseeland - Sudden Death - Statistiken

Allgemein
  • Dieses Quiz wurde 191 mal gespielt
  • Das Durchschnittsergebnis liegt bei 7 aus 15
Answers on the Grid
Answers color-coded by a green-red scale on the quiz's grid according to % correct below.
Auckland
Wellington
Christchurch
Hamilton
Dunedin
Napier
Nelson
Invercargill
Queenstown
Roanoke
New Plymouth
Tauranga
Whangarei
Rotorua
Kitchener
Hobart
Mackay
Bunbury
Waterford
Derry
Inverness
Plymouth
Oakland
Pittsburgh
Vancouver
Hilo
Lae
Funafuti
Blenheim
Whanganui
 
Antwortstatistiken
Antwort % Korrekt
Wellington
80%
Christchurch
77%
Auckland
76%
Queenstown
51%
Whanganui
44%
Hamilton
43%
Dunedin
40%
Nelson
37%
Rotorua
37%
Tauranga
37%
New Plymouth
36%
Invercargill
32%
Napier
32%
Whangarei
32%
Blenheim
27%
Keine übereinstimmenden Quizze gefunden
Verteilung der Resultate
Anzahl Personen mit jedem Resultat
Perzentil nach korrekt beantworteten Fragen
Ihre Resultats-Entwicklung
Sie haben dieses Quiz noch nicht gespielt